History Quiz

Random History or Asia Quiz

Asia Test 3 Ultra Study Guide!!!!!!!!!! Quiz Stats

 Plays Quiz not verified by Sporcle

Support Sporcle.
Go Orange.
Score 0/48 Timer 10:00
0 Plays Today
Clue Answer % Correct
This country's written language does not have letters, but has thousands of individual characters that each represent a full word, and was used by Korea and JapanChina
55.6%
These plays usually contained yugen or mysteriousnessNoh
50%
One of these three countries never attacked Korea: China, Vietnam, JapanVietnam
50%
Japanese nature spiritsKami
44.4%
Local lords that commanded warriors in JapanDaimyo
44.4%
This man's conquest included the entire Jin empireGenghis Khan
44.4%
His court included people from many different cultures including the PolosKubilai Khan
44.4%
The Mongols discovered this dynasty's many treasures including boats with catapults and also found that their horses were not as effective in Southern China and needed to use ChineSong
44.4%
This country's war with the Mongols created a crisis because it made the daimyo and shoguns unhappy with the Hojo regencyJapan
44.4%
This sect of Buddhism believed that the Buddha of the future (Maitreya) would destroy evilWhite Lotus
44.4%
Powerful general who basically controlled the Japanese emperor, therefore controlling the empireShogun
38.9%
Elite Japanese warriorsSamurai
38.9%
The first and only female Sultan of DehliRaziya
38.9%
Kingdom of Silla unites KoreaTang
38.9%
Sultanate of Dehli foundedSong
38.9%
Genghis Khan (I'm getting lazy)Temujin
38.9%
This group were steppe horse nomads who were known for their use of small bows from horseback and lived in tentsMongols
38.9%
This man stopped his conquest of the West because a kingdom near China rebelled against him and he needed it to be punishedGenghis Khan
38.9%
This country's printing was the first to use movable type as a standard methodKorea
38.9%
This man was a Muslim eunuch who was trusted by the Ming emperor and was made the admiral of the treasure fleetsZheng He
38.9%
This man was a judge for Muhammad bin TughluqIbn Battuta
38.9%
This Yi ruler of Korea directed the development of the Korean alphabet in the mid-1400s. He also created a new Korean script supported Confucian ideas and scienceSeijong
33.3%
Author of The Travels, an account of his own journey to China. Some call this book the book of a million liesMarco Polo
33.3%
A poet who was stressed that religion was from within and was thought of as a saint by both the Hindu and MuslimsKabir
33.3%
Clue Answer % Correct
Part Two: Name the Dynasty in which the event occurred Treaty of Kanagawa opens Japan Qing
33.3%
Tokugawa Ieyashu defeats the last rivals at SekigaharaMing
33.3%
Minamoto Yoritomo becomes shogunSong
33.3%
Tale of Genji writtenSong
33.3%
Battle of Marathon in 490 BCZhou (I think)
33.3%
This guy's army was organized on a decimal system and strict disciplineGenghis Khan
33.3%
This group helped Genghis Khan fight the Jin because their Liao dynasty was destroyed by the JinKhitans
33.3%
This man offended Genghis Khan and was the cause of Genghis's conquest of Central AsiaKhwarazm Shah
33.3%
Which did not help create a centralized feudal system in Japan? Tokugawa Ieyasu, Oda Nobunada, Meiji, or ToyotomiMeiji
33.3%
Korean alphabet developed under King SejongMing
27.8%
This man attempted to conquer Java, Burma, and JapanKubilai Khan
27.8%
This man was born into a poor family that died from the Black Death, joined a Buddhist monastery, and started a Chinese dynastyZhu Yuanzang
27.8%
This was the first Ming emperor and restored the examination system (Zhu Yuanzang's emperor name)Ming Taizu
27.8%
This man thought that China should not conquer outside lands and tried to eliminate corruption. He also became cruel as he grew olderMing Taizu
27.8%
This family married into the Yuan familiesWang
27.8%
This shogunate was the last in JapanTokugawa
27.8%
This was the childhood name of Genghis KhanTemujin
22.2%
This man conquered the Jin and took Taifeng decided to tax them instead of kill themOgodei
22.2%
This man had a tea garden, was a Zen master, and thought that tea was a secret to long lifeYeisei Myoan
22.2%
This man started the Choson dynastyYi Songgye
22.2%
This man's success was due to uniting scholar officials and the White Lotus against the Yuan, as well as the Yuan loss to the Japanese and the help of TamerlaneZhu Yuanzang
22.2%
This guy didn't tear down mosques to build Hindu temples (I guarantee no one will get this except for one guy who happens to be taking ALGEBRA) Qutb ud Din Aybak
22.2%
A Japanese family that controlled the shogunate until 1338 ADAshigara
16.7%
These shoguns built a good relationship with China by presenting themselves as kings, respecting the emperor as a son of heaven, supporting the Ming in a civil war against the MongAshikaga
16.7%

You're not logged in!

Compare scores with friends on all Sporcle quizzes.
OR
Log In

From the Vault

MLB HR Leaders Containing Each Letter

by RollTribeAC

There's just a couple days left in the MLB regular season, but we have plenty of quizzes.
Remove Ads.
Support Sporcle.
Get the best of Sporcle when you Go Orange. This ad-free experience offers more features, more stats, and more fun while also helping to support Sporcle. Thank you for becoming a member.

Show Comments

Extras

Top Quizzes Today


Score Distribution

Your Account Isn't Verified!

In order to create a playlist on Sporcle, you need to verify the email address you used during registration. Go to your Sporcle Settings to finish the process.

Report this User

Report this user for behavior that violates our Community Guidelines.

Details: